000 01381ny a22003013n 4500
005 20240305165342.0
008 080718s1989 sp s 000 0 spa c
020 _a978-84-713061-7-3
035 _a445
040 _aUMA.DER
_dvLex
080 _a347(460)
090 _c2137
_d2137
245 0 0 _aComentarios al Código Civil y compilaciones forales
_h[Recurso electrónico]
_cdirigidos por Manuel Albaladejo y Silvia Díaz Alabart
250 _a2ª ed
256 _aServicio en línea
260 _aMadrid :
_bEditorial Revista de Derecho Privado :
_bEditoriales de Derecho Reunidas,
_c1989
505 0 _tTomo XIII, Vol. 1, Artículos 912 a 958 del Código Civil /
_rcomentados por Manuel Albaladejo García
506 1 _aContenido solo disponible en los productos indicados
_dvLex Global
_dvLex Global (Academic Edition, excluding Law Schools)
_dvLex Global (U.S. Academic Edition, Law Schools)
_dvLex Global (U.S. Academic Edition, excluding Law Schools)
_dvLex Global (Academic Edition, Law Schools)
650 _2Tesauro vLex
_aCivil
650 _2Tesauro vLex
_aCódigo civil
650 _2Tesauro vLex
_aSucesorio
700 1 _aAlbaladejo García, Manuel,
_ecom
700 1 _aAlbaladejo García, Manuel,
_edir
700 1 _aDíaz Alabart, Silvia,
_edir
740 0 _avLex Libros (Servicios en línea)
856 4 0 _uhttps://app.vlex.com/#/sources/445
942 _cRAA
999 _c160570
_d160570